Sports Quiz

Random Sports or Soccer Quiz

Stoke City players v Aston Villa Quiz Stats

 Plays Quiz not verified by Sporcle

Challenge
Share
Tweet
Embed
Score 0/44 Timer 07:00
0 Plays Today
Position % Correct
GoalkeeperAsmir Begovic
91.2%
DefenderRobert Huth
89.8%
StrikerPeter Crouch
88.5%
DefenderRyan Shawcross
88.1%
WingerMatthew Etherington
81%
StrikerRicardo Fuller
80.5%
MidfielderGlenn Whelan
78.3%
StrikerKenwyne Jones
77.4%
MidfielderRory Delap
75.2%
WingerJermaine Pennant
74.3%
GoalkeeperThomas Sorensen
73.9%
ForwardJon Walters
73.9%
DefenderAndy Wilkinson
72.6%
MidfielderCharlie Adam
69.5%
DefenderMarc Wilson
67.7%
StrikerMama Sidibe
66.4%
ForwardMarko Arnautovic
64.1%
DefenderAbdoulaye Faye
63.3%
MidfielderAmdy Faye
63.3%
DefenderGeoff Cameron
62.8%
DefenderErik Pieters
59.8%
MidfielderLiam Lawrence
58%
Position % Correct
MidfielderSteven Nzonzi
57.5%
DefenderDanny Higginbotham
53.1%
MidfielderDean Whitehead
52.2%
StrikerJames Beattie
50.4%
GoalkeeperSteve Simonsen
49.1%
Defender/MidfielderRyan Shotton
46.5%
StrikerCameron Jerome
45.6%
MidfielderWilson Palacios
45.1%
StrikerDave Kitson
44.2%
MidfielderSalif Diao
42.5%
WingerOussama Assaidi
41.3%
DefenderCarl Dickinson
41.2%
ForwardTuncay
41.2%
MidfielderDanny Pugh
39.4%
DefenderDanny Collins
37.2%
ForwardRichard Cresswell
35.8%
DefenderLeon Cort
35%
DefenderAndy Griffin
34.5%
DefenderJonathan Woodgate
32.3%
WingerMichael Kightly
31%
MidfielderSeyi Olofinjana
29.2%
DefenderIbrahima Sonko
26.1%

You're not logged in!

Compare scores with friends on all Sporcle quizzes.
Join for Free
OR
Log In

You Might Also Like...

Show Comments

Extras

Top Quizzes Today


Score Distribution

Your Account Isn't Verified!

In order to create a playlist on Sporcle, you need to verify the email address you used during registration. Go to your Sporcle Settings to finish the process.

Report this User

Report this user for behavior that violates our Community Guidelines.

Details: